header

ABC of breast diseases (Record no. 110852)

MARC details
000 -LEADER
fixed length control field 02489nam a2200361 a 4500
082 04 - DEWEY DECIMAL CLASSIFICATION NUMBER
Classification number 616.99/449
245 00 - TITLE STATEMENT
Title ABC of breast diseases
250 ## - EDITION STATEMENT
Edition statement 4th ed.
260 ## - PUBLICATION, DISTRIBUTION, ETC. (IMPRINT)
Place of publication Chichester, U.K. ;
-- Hoboken, N.J. :
Name of publisher Wiley-Blackwell :
-- BMJ Books,
Year of publication 2012.
300 ## - PHYSICAL DESCRIPTION
Number of Pages ix, 155 p. :
Other physical details col. ill.
490 1# - SERIES STATEMENT
Series statement ABC series
505 0# - FORMATTED CONTENTS NOTE
Formatted contents note Symptoms, assessment, and guidelines for referral / Michael Dixon and Jeremy Thomas -- Congenital problems and aberrations of normal development and involution / Michael Dixon and Jeremy Thomas -- Mastalgia / Michael Dixon and Julie Iddon -- Breast infection / Michael Dixon -- Breast cancer : epidemiology, risk factors, and genetics / Jack Cuzick, Gareth Evans, and Michael Dixon -- Prevention of breast cancer / Ivana Sestak ... [et al.] -- Screening for breast cancer / A.R.M. Wilson -- Breast cancer / Michael Dixon -- Management of regional nodes in breast cancer / Nigel Bundred and Michael Dixon -- Breast cancer : treatment of elderly patients and uncommon conditions / Michael Dixon -- Role of systemic treatment of primary operable breast cancer / Ian Smith -- Locally advanced breast cancer / Robert Leonard and Michael Dixon -- Metastatic breast cancer / Robert Leonard and Michael Dixon -- Prognostic factors / Alastair M. Thompson and Sarah Pinder -- Psychological aspects / Belinda Hacking -- Carcinoma in situ and patients at high risk of breast cancer / Nigel Bundred -- Breast reconstruction / Cameron Raine and E.M. Weiler-Mithoff.
650 #0 - SUBJECT ADDED ENTRY--TOPICAL TERM
Topical Term Breast
Topical Term Breast
700 1# - ADDED ENTRY--PERSONAL NAME
Personal name Dixon, J. M.
856 40 - ELECTRONIC LOCATION AND ACCESS
Uniform Resource Identifier http://site.ebrary.com/lib/rucke/Doc?id=10593210

No items available.

© 2026 Rongo University
Contact us: librarian | system librarian | Rongo university